Nommez un film valide - Pixar - Statistiques

Statistiques générales
  • Ce quiz a été pris 592 fois
    438 depuis la dernière actualisation
  • Le résultat moyen est 10 sur 15
Statistiques - réponses
Nommez un film de Pixar... Réponses possibles % Correct
sorti avant 2000 Toy Story / 1 001 Pattes / Toy Story 2
93%
dont le personnage principal serait un objet dans le monde réel Toy Story (2, 3, 4) / Cars (2, 3) / WALL-E
84%
dont le personnage principal est un humain Les Indestructibles (2) / Ratatouille / Là-haut / Rebelle / Vice-versa (2) / Le Voyage d'Arlo / Coco / Soul / Alerte Rouge / Buzz l'Éclair / Elio
83%
dont le personnage principal est un animal 1 001 Pattes / Le Monde de Nemo / Ratatouille / Le Monde de Dory
80%
sorti après 2020 Luca / Alerte Rouge / Buzz l'Éclair / Élémentaire / Vice-versa 2 / Elio
80%
dont le thème principal est les relations familiales Les Indestructibles (2) / Coco / Là-haut / Le Monde de Nemo / Le Voyage d'Arlo / En avant / Alerte Rouge
70%
parmis les 5 les mieux notés sur Allociné (critiques) Vice-Versa / Toy Story 3 / WALL-E / Là-haut / Les Indestructibles
69%
parmis les 5 plus longs du studio Cars 2 / Ratatouille / Les Indestructibles 2 / Cars / Les Indestructibles
67%
parmis les 5 ayant rapporté le moins d'argent au box-office mondial Alerte Rouge / Luca / Soul / En avant / Elio
62%
dont le duo principal est composé d'un personnage masculin et un féminin Le Monde de Nemo / Wall-E / Élémentaire / Cars 3
61%
dans lequel le méchant se fait d'abord passer pour un allié Toy Story 2 / Monstres Academy / Coco / Les Indestructibles 2 / Toy Story 3
61%
parmis les 5 ayant rapporté le plus d'argent au box-office mondial Vice Versa 2 / Les Indestructibles 2 / Toy Story 4 / Toy Story 3 / Le Monde de Dory
61%
dans lequel la magie existe Rebelle / En avant
54%
parmis les 5 plus courts du studio Toy Story / Toy Story 2 / Monstres et Cie / Le Voyage d'Arlo / Rebelle
54%
parmis les 5 les moins bien notés sur Allociné (critiques) Cars 2 / Cars 3 / Buzz l'Éclair / Le Voyage d'Arlo / Rebelle
52%
Aucun quiz correspondant
Distribution des résultats
% des personnes avec chaque résultat
Percentile par nombre de réponses
Votre historique - résultats
Vous n’avez pas pris ce quiz depuis la dernière actualisation